Land nach Fußballvereinswappen - Statistiken

Allgemein
  • Dieses Quiz wurde 77 mal gespielt
  • Das Durchschnittsergebnis liegt bei 12 aus 16
Antwortstatistiken
Bildquiz Antwort % Korrekt
Italien
95%
Schottland
92%
Ungarn
90%
Schweden
88%
Griechenland
87%
Spanien
87%
Österreich
83%
Aserbaidschan
75%
England
73%
Tschechien
73%
Frankreich
70%
Niederlande
68%
Portugal
57%
Schweiz
52%
Belgien
48%
Türkei
47%
Keine übereinstimmenden Quizze gefunden
Verteilung der Resultate
Anzahl Personen mit jedem Resultat
Perzentil nach korrekt beantworteten Fragen
Ihre Resultats-Entwicklung
Sie haben dieses Quiz noch nicht gespielt